Nelson and the twentieth century: With a preface

Wedi'i Gadw mewn:
Manylion Llyfryddiaeth
Prif Awduron: White, Arnold (Awdur), Moorhouse, E. Hallam (Awdur)
Fformat: Llyfr
Iaith:Saesneg
Cyhoeddwyd: Londres Cassell and Company 1905
Rhifyn:1a. ed
Pynciau:
Tagiau: Ychwanegu Tag
Dim Tagiau, Byddwch y cyntaf i dagio'r cofnod hwn!

MARC

LEADER 00000nam a2200000 a 4500
001 UCJ4097
003 CL-VaPUC
008 070124e19050000UK |||||||||||||||||eng|d
082 0 4 |a 923  |b NEL  |2 21 
100 0 |a White, Arnold  |e author  |9 507010 
700 0 |a Moorhouse, E. Hallam  |e author  |9 507011 
245 1 0 |a Nelson and the twentieth century: With a preface 
250 |a 1a. ed 
300 |a xvi, 340 p 
942 |c BK 
945 |d 20070124 00:00:00  |a rinostro 
260 |a Londres  |b Cassell and Company  |c 1905 
600 0 7 |a PEPYS, SAMUEL  |2 CL-VaPUC  |9 507012 
600 0 7 |a NELSON, HORACIO  |2 CL-VaPUC  |9 438300 
650 0 |a Biografías  |9 255210 
650 7 |a GUERRA NAVAL  |2 CL-VaPUC  |9 381792 
650 7 |a INGENIERIA NAVAL  |2 CL-VaPUC  |9 262110 
650 7 |a GUERRA DE CRIMEA  |2 CL-VaPUC  |9 504745 
650 7 |a BATALLA DE TRAFALGAR  |2 CL-VaPUC  |9 468868 
650 0 |a Almirantazgo inglés   |9 507013 
651 0 |a Inglaterra  |9 255158 
651 0 |a Francia  |9 255157 
651 0 |a España  |9 254926 
583 |a last modification  |c 20170726 04:35:16  |k Rodrigo Vera 
999 |c 320214  |d 320212 
952 |0 0  |1 0  |4 0  |6 923_000000000000000_NEL_1905  |7 0  |8 X  |9 398692  |a FDOBUD  |b FDOBUD  |d 2019-11-22  |i 1013432  |o 923 NEL 1905  |p 1013432  |r 2019-11-22  |w 2019-11-22  |y BK_X  |k BUD